| 000 | 00998nam a2200301 i 4500 | ||
|---|---|---|---|
| 001 | 000021797 | ||
| 003 | DO-SdBNP | ||
| 005 | 20241203110251.0 | ||
| 007 | ta | ||
| 008 | 100913s1986 dr a 000 0 spa d | ||
| 040 |
_aDO-SdBNP _bspa _cBNPHU _erda |
||
| 041 | _hspa | ||
| 082 | 4 |
_a101 _bH557f _222 |
|
| 100 | 1 |
_aHernández, Pablo María, _d1942- _eautor _4aut. _943451 |
|
| 245 | 1 | 0 |
_aFundamentos de filosofía científica / _cPablo María Hernández. |
| 264 | 4 |
_aSanto Domingo : _bBiblioteca Nacional Pedro Henríquez Ureña (BNPHU), _c©1986. |
|
| 300 |
_a270 páginas : _bilustraciones ; _c23 cm. |
||
| 336 |
_atexto _btxt _2rdacontent |
||
| 337 |
_asin mediación _bn _2rdamedia |
||
| 338 |
_avolumen _bnc _2rdacarrier |
||
| 490 | 0 | _aColección Orfeo | |
| 504 | _aBibliografía : página 271 | ||
| 590 | _aInventariado, 2024/BT | ||
| 650 | 7 | _aFilosofía | |
| 710 | 2 |
_aBiblioteca Nacional Pedro Henríquez Ureña _986832 |
|
| 910 | _aValidado. Control de calidad MFF | ||
| 942 |
_2ddc _cLBS1 |
||
| 999 |
_c21295 _d21295 |
||